Music Quiz

Random Music Quiz

Baroque Music! Quiz Stats

 Plays Quiz not verified by Sporcle

Score 0/19 Timer 10:00
0 Plays Today
Significance Term % Correct
????
100%
????
57.7%
????
45.1%
????
41.7%
????
41.1%
????
39.4%
????
29.7%
????
25.7%
????
22.3%
????
21.7%
Significance Term % Correct
????
21.7%
????
21.1%
????
20%
????
14.9%
????
13.1%
????
12.6%
????
10.3%
????
9.7%
????
4.6%

You're not logged in!

Compare scores with friends on all Sporcle quizzes.
OR
Log In

Show Comments

Extras

Created Nov 18, 2010ReportNominate
Tags:baroque, category, significance, term

Top Quizzes Today


Score Distribution

Your Account Isn't Verified!

In order to create a playlist on Sporcle, you need to verify the email address you used during registration. Go to your Sporcle Settings to finish the process.

Report this User

Report this user for behavior that violates our Community Guidelines.

Details: